000
00521nam a2200181Ia 4500
008
090123s9999 xx 000 0 und d
082
_b
1913
100
_a
वाळिंबे वि.स.
245
_a
रक्तरंगण
250
_a
1
260
_b
केसरी मुद्रणालय
300
_a
195
600
_a
वाळिंबे वि.स.
630
_a
रक्तरंगण
700
_a
वाळिंबे वि.स.
730
_a
रक्तरंगण
942
_c
BOOK
999
_c
39995
_d
39995